000 01877cam a22004214a 4500
999 _c529764
_d529764
001 13060990
003 NUST
005 20191003100404.0
008 030117s2003 dcua bt 000 0 eng d
010 _a 2003100791
020 _a030906953X
035 _a(OCoLC)ocm52281269
038 _aMSOHAIL
040 _aCBT
_cCBT
_dDAY
_dTEF
_dDLC
042 _alccopycat
043 _an-us---
050 0 0 _aHE355
_b.S43 2003
082 0 0 _a388.1072073
_222
100 1 _aShaw, Terrel.
_922516
245 1 0 _aPerformance measures of operational effectiveness for highway segments and systems /
_cconsultant, Terrel Shaw.
246 1 _iAt head of title:
_aNational Cooperative Highway Research Program
260 _aWashington, D.C. :
_bTransportation Research Board,
_c2003.
300 _a59 p. :
_bill. ;
_c28 cm.
490 1 _aNCHRP synthesis,
_x0547-5570 ;
_v311
500 _a"Research sponsored by the American Association of State Highway and Transportation Officials in cooperation with the Federal Highway Administration."
504 _aIncludes bibliographical references (p. 51-52).
530 _aAlso available in online version (requires Adobe Acrobat Reader for viewing).
650 0 _aRoads
_zUnited States
_xEvaluation.
_922517
710 2 _aNational Cooperative Highway Research Program.
_920864
710 2 _aAmerican Association of State Highway and Transportation Officials.
_919553
710 2 _aNational Research Council (U.S.).
_bTransportation Research Board.
_922518
830 0 _aSynthesis of highway practice ;
_v311.
_922519
856 4 1 _uhttp://gulliver.trb.org/publications/nchrp/nchrp%5Fsyn%5F311.pdf
906 _a7
_bcbc
_ccopycat
_d2
_eepcn
_f20
_gy-gencatlg
942 _2ddc
_cBK